000 01198cam a2200277 a 4500
999 _c530130
_d530130
001 11958605
005 20191010165152.0
008 000330s2000 nyu 001 0 eng
010 _a 00038292
020 _a0060195185 (acidfree paper)
040 _aDLC
_cDLC
_dDLC
082 0 0 _a526.10954
_bKEA
100 1 _aKeay, John.
_912806
245 1 4 _aThe great arc :
_bthe dramatic tale of how India was mapped and Everest was named /
_cJohn Keay.
250 _a1st American ed.
260 _aNew York :
_bHarperCollins,
_cc2000.
300 _axxi, 182 p. :
_bill., maps ;
_c22 cm.
500 _aIncludes index.
610 1 0 _aIndia.
_bGreat Trigonometrical Survey
_xHistory.
_923477
650 0 _aGeodesy
_zIndia
_xHistory
_y19th century.
_923478
650 0 _aGeodesy
_zHimalaya Mountains
_xHistory
_y19th century.
_923479
651 0 _aIndia
_vSurveys
_xHistory
_y19th century.
_923480
651 0 _aHimalaya Mountains
_vSurveys
_xHistory
_y19th century.
_923481
942 _2ddc
_cBK